|
|
|
|
| LEADER |
00000nas a2200000 i 4500 |
| 001 |
ssj0001078593 |
| 003 |
WaSeSS |
| 005 |
20200512172242.0 |
| 006 |
m d |
| 007 |
cr n |
| 008 |
140110c20uu9999ne q| p|s|||||| |0dut d |
| 022 |
|
|
|a 1875-7286
|l 1384-6930
|
| 035 |
|
|
|a (WaSeSS)ssj0001078593
|
| 040 |
|
|
|a WaSeSS
|b eng
|c WaSeSS
|d WaSeSS
|
| 050 |
1 |
4 |
|a P87
|
| 222 |
|
0 |
|a Tijdschrift voor communicatiewetenschap
|b (Online)
|
| 245 |
0 |
0 |
|a Tijdschrift voor communicatiewetenschap
|h [electronic resource].
|
| 260 |
|
|
|a Hague, Netherlands :
|b Boom Uitgevers Den Haag
|
| 310 |
|
|
|a Quarterly
|
| 506 |
|
|
|a License restrictions may limit access.
|
| 588 |
|
|
|a Description based on: Volume 33 (4) (December 2005); title from title screen (ProQuest, viewed Jan. 10, 2014).
|
| 588 |
|
|
|a Latest issue consulted: Volume 41 (4) (November 2013) (viewed Jan. 10, 2014).
|
| 650 |
|
0 |
|a Communication
|v Periodicals.
|
| 650 |
|
0 |
|a Mass media
|v Periodicals.
|
| 655 |
|
0 |
|a Electronic journals.
|
| 776 |
0 |
8 |
|i Print version:
|t Tijdschrift voor communicatiewetenschap
|x 1384-6930
|
| 780 |
1 |
0 |
|t Massacommunicatie (Tilburg)
|x 0921-2620
|
| 856 |
4 |
0 |
|z Full text available from Research Library: 12/01/2005 to present
|u https://search.proquest.com/publication/2026495
|